000 00310nam a2200109Ia 4500
001 587452
005 20250717113816.0
008 250717s9999 xx 000 0 und d
245 0 _aX-6 ÇOCUKLAR İÇİN SANAL ORTAM DESTEKLİ SANAT
_cANNA BRETT
260 _bTÜRKİYE İŞ BANKASI YAYINLARI
_c2020
300 _b18
999 _c587452
_d587452